| 000 | 00778nac a22002411u 4500 | ||
|---|---|---|---|
| 003 | EG-ScBUE | ||
| 005 | 20221207151304.0 | ||
| 008 | 221207s2002 sz a f 000 0 eng d | ||
| 020 | _a3764366435 (pbk.) | ||
| 020 | _a9783764366438 | ||
| 035 | _a(OCoLC)ocm49286390 | ||
| 040 |
_aEG-ScBUE _beng _erda _cEG-ScBUE _dEG-ScBUE |
||
| 082 | 0 | 4 |
_a725.98 _bBLA _222 |
| 100 | 1 |
_aBlakstad, Lucy, _eauthor. |
|
| 245 | 1 | 0 |
_aBridge : _bthe architecture of connection / _cLucy Blakstad. |
| 264 | 1 |
_aBasel : _bBirkhauser ; _aLondon : _bAugust, _c2002. |
|
| 300 |
_a192 pages : _bcolor illustrations ; _c29 cm |
||
| 650 | 7 |
_aBridges _xDesign and construction. _2BUEsh |
|
| 650 | 7 |
_aSymbolism in architecture. _2BUEsh |
|
| 653 | _bENGARC | ||
| 655 | _vReading book | ||
| 942 |
_cBB _2ddc |
||
| 999 |
_c1879 _d1879 |
||